Statistics for Countries Occupying France after the Napoleonic Wars with a Map

Click here to take the quiz!

General Stats

  • This quiz has been taken 3,286 times
  • The average score is 6 of 11

Answers on the Map

Answers color-coded by a green-red scale on the quiz's map according to % correct below.
 

Answer Stats

Countries% Correct
United Kingdom
97%
Prussia
88%
Austria
87%
Russia
82%
Switzerland
70%
Bavaria
53%
Sardinia
51%
Baden
36%
Saxony
32%
Württemberg
29%
Hesse-Darmstadt
21%

Score Distribution

Percentile by Number Answered

Percent of People with Each Score

Your Score History

You have not taken this quiz